Countries who play in the wrong continent for soccer - Statistics

General Stats
  • This quiz has been taken 32 times
  • The average score is 7 of 9
Answer Stats
Hint Answer % Correct
*UEFA (AFC) Turkey
97%
UEFA (AFC) Israel
90%
UEFA (AFC) Azerbaijan
87%
UEFA (AFC) Georgia
87%
UEFA (AFC) Armenia
83%
UEFA (AFC) Kazakhstan
83%
AFC (OFC) Australia
77%
CONCACAF (CONMEBOL) Guyana
67%
CONCACAF ( CONMEBOL) Suriname
67%
No matching quizzes found
Score Distribution
Percent of People with Each Score
Percentile by Number Answered
Your Score History
You have not taken this quiz